Iconología de un precandidato presidencial : (Record no. 188465)

MARC details
000 -CABECERA
campo de control de longitud fija 01629nab a2200277 ab4500
005 - FECHA Y HORA DE LA ÚLTIMA TRANSACCIÓN
campo de control 20260226141338.0
008 - ELEMENTOS DE LONGITUD FIJA--INFORMACIÓN GENERAL
campo de control de longitud fija 991125c2016 mx fr p 000 spa d
003 - IDENTIFICADOR DEL NÚMERO DE CONTROL
campo de control
035 ## - NÚMERO DE CONTROL DEL SISTEMA
Número de control de sistema UPN01000216365
049 ## - COLECCIÓN
Colección ART
040 ## - FUENTE DE LA CATALOGACIÓN
Centro catalogador/agencia de origen MX-MxUPN
Lengua de catalogación spa
Centro/agencia transcriptor MX-MxUPN
Normas de descripción aacr
100 1# - ASIENTO PRINCIPAL--NOMBRE PERSONAL
Nombre de persona Arteaga Botello, Nelson
100 1# - ASIENTO PRINCIPAL--NOMBRE PERSONAL
Nombre de persona Arzuaga Magnoni, Javier
245 10 - MENCIÓN DE TÍTULO
Título Iconología de un precandidato presidencial :
Resto del título el último informe de Peña Nieto como gobernador
520 3# - NOTA DE RESUMEN, ETC.
Sumario, etc. Se analiza el último informe de gobierno de Enrique Peña Nieto como gobernador del Estado de México, en particular su mensaje político. Un performance que proyectó narrativas y códigos que lograron generar un ambiente de comunión donde el gobernador se transformó en icono político entre sus partidarios, simpatizantes y aliados. Se examina cómo este despliegue de poder material y simbólico fue decodificado por los medios de comunicación, los cuales definieron un campo de batalla alrededor suyo que pervivió una vez que alcanzó la candidatura de su partido a la Presidencia de la República, y que sigue propiciando algunos debates en torno a su desempeño como presidente del país.
Fuente proveedora Nueva antropología.
530 ## - NOTA DE FORMATO FÍSICO ADICIONAL DISPONIBLE
Nota de formato físico adicional disponible Disponible también en formato electrónico.
653 0# - TERMINO DE INDIZACION - NO CONTROLADO
Término no controlado Icono político
653 0# - TERMINO DE INDIZACION - NO CONTROLADO
Término no controlado Peña Nieto, Enrique, 1966, Pres. de México
653 0# - TERMINO DE INDIZACION - NO CONTROLADO
Término no controlado Medios de comunicación
653 0# - TERMINO DE INDIZACION - NO CONTROLADO
Término no controlado Comunión política
773 ## - ENLACE AL DOCUMENTO FUENTE/ENTRADA DE REGISTRO ANFITRIÓN
Parte(s) relacionada(s) No. 84 (2016), p. 117-141
Título Nueva Antropología
Número Internacional Normalizado para Publicaciones Seriadas 0185-0636
856 4# - LOCALIZACIÓN Y ACCESO ELECTRÓNICOS
Identificador Uniforme del Recurso <a href="https://dialnet.unirioja.es/ejemplar/451719">https://dialnet.unirioja.es/ejemplar/451719</a>
902 ## - ELEMENTOS DE DATOS B LOCAL, LDB (RLIN)
Creó Leonor Sotres/260226
905 ## - TIPO DE MATERIAL
Tipo de material Articulo
942 ## - ELEMENTOS DE PUNTO DE ACCESO ADICIONAL (KOHA)
Tipo de ítem Koha Artículo Impreso
Holdings
Estado de retiro Estado de pérdida Estado dañado No para préstamo Código de colección Localización permanente Ubicación/localización actual Ubicación en estantería Fecha de adquisición Total de préstamos Fecha visto por última vez Identificador Uniforme del Recurso Precio válido a partir de Tipo de ítem Koha
      Disponible (Préstamo en sala) Revistas Bib. Gregorio Torres Quintero Bib. Gregorio Torres Quintero Hemeroteca Sótano 26/02/2026   26/02/2026 https://dialnet.unirioja.es/ejemplar/451719 26/02/2026 Artículo Impreso